| 000 | 00830nam a22002177a 4500 | ||
|---|---|---|---|
| 999 |
_c20225 _d20225 |
||
| 003 | AR-CdUCM | ||
| 008 | 190226b ||||| |||| 00| 0 spa d | ||
| 040 |
_aMUNICIPALIDAD PROVINCIAL DEL CUSCO _cBIBLIOTECA MUNICIPAL DEL CUSCO |
||
| 082 |
_a195.2 / _bP66 |
||
| 100 |
_aPlanchard, Émile _94596 |
||
| 245 | _aIniciación a la técnica de los tests / | ||
| 260 |
_aBuenos Aires : _bEudeba, _c1970. |
||
| 300 |
_a303 páginas ; _c22 cm. _bCuadros, imágenes |
||
| 440 |
_aManuales Eudeba _nPsicología _942278 |
||
| 505 | _aContenido : Resumen historico -- Campos de aplicación -- La elaboración científica de los tests -- La expresión de los resultados... | ||
| 650 |
_aPsicología experimental _910502 |
||
| 650 |
_aTests colectivos _942279 |
||
| 650 |
_aCédulas signaleticas _942280 |
||
| 942 |
_2ddc _cLIBROS |
||
| 945 | _arcc | ||